| 000 -LEADER |
| fixed length control field |
00784nam a22002417a 4500 |
| 005 - DATE AND TIME OF LATEST TRANSACTION |
| control field |
20210416051947.0 |
| 008 - FIXED-LENGTH DATA ELEMENTS--GENERAL INFORMATION |
| fixed length control field |
201110s2018 ||||| |||| 00| 0 eng d |
| 020 ## - INTERNATIONAL STANDARD BOOK NUMBER |
| International Standard Book Number |
9781506236407 |
| 040 ## - CATALOGING SOURCE |
| Original cataloging agency |
eng |
| Transcribing agency |
DLC |
| 041 ## - LANGUAGE CODE |
| Language code of text/sound track or separate title |
eng |
| 080 ## - UNIVERSAL DECIMAL CLASSIFICATION NUMBER |
| Universal Decimal Classification number |
618 |
| Item number |
K-20 |
| 245 ## - TITLE STATEMENT |
| Title |
USMLE: Step 2 CK |
| Remainder of title |
: Lecture Notes 2019, Obstetrics and Gynecology |
| Statement of responsibility, etc. |
/ by Kaplan Medical: Edited by Elmar Peter Sakala MD, MA, MPH, FACOG |
| 260 ## - PUBLICATION, DISTRIBUTION, ETC. |
| Place of publication, distribution, etc. |
New York |
| Name of publisher, distributor, etc. |
Kaplan Medical |
| Date of publication, distribution, etc. |
2018 |
| 300 ## - PHYSICAL DESCRIPTION |
| Extent |
293 pages |
| 650 #0 - SUBJECT ADDED ENTRY--TOPICAL TERM |
| 9 (RLIN) |
73 |
| Topical term or geographic name entry element |
Obstetrics |
| 650 #0 - SUBJECT ADDED ENTRY--TOPICAL TERM |
| 9 (RLIN) |
74 |
| Topical term or geographic name entry element |
Gynecology |
| 653 ## - INDEX TERM--UNCONTROLLED |
| Uncontrolled term |
მეანობა |
| 653 ## - INDEX TERM--UNCONTROLLED |
| Uncontrolled term |
გინეკოლოგია |
| 700 ## - ADDED ENTRY--PERSONAL NAME |
| 9 (RLIN) |
31 |
| Personal name |
Sakala, Peter. Elmar MD, MA, MPH, FACOG |
| 710 ## - ADDED ENTRY--CORPORATE NAME |
| 9 (RLIN) |
32 |
| Corporate name or jurisdiction name as entry element |
Kesterson, P. Joshua MD |
| 711 ## - ADDED ENTRY--MEETING NAME |
| 9 (RLIN) |
33 |
| Meeting name or jurisdiction name as entry element |
Schamroth, Alvin MD, FACOG |
| 942 ## - ADDED ENTRY ELEMENTS (KOHA) |
| Source of classification or shelving scheme |
|
| Koha item type |
Books |